Construction materials (Record no. 3506)

000 -LEADER
fixed length control field 00497nam a22002057a 4500
001 - CONTROL NUMBER
control field 3506
003 - CONTROL NUMBER IDENTIFIER
control field BD-DhUET
008 - FIXED-LENGTH DATA ELEMENTS--GENERAL INFORMATION
fixed length control field 0
020 ## - INTERNATIONAL STANDARD BOOK NUMBER
International Standard Book Number 0419154701
040 ## - CATALOGING SOURCE
Transcribing agency 0
Modifying agency BD-DhUET
082 ## - DEWEY DECIMAL CLASSIFICATION NUMBER
Classification number 620.136
Item number ILL/1994
100 ## - MAIN ENTRY--PERSONAL NAME
Personal name Illston, J. M.
245 ## - TITLE STATEMENT
Title Construction materials
Remainder of title their nature and behavior
250 ## - EDITION STATEMENT
Edition statement 1st ed.
260 ## - PUBLICATION, DISTRIBUTION, ETC. (IMPRINT)
Place of publication, distribution, etc. London
Name of publisher, distributor, etc. E & FN Spon
Date of publication, distribution, etc. 1994
300 ## - PHYSICAL DESCRIPTION
Extent xxiii, 517 p.
Other physical details ill.
Dimensions 20 cm.
504 ## - BIBLIOGRAPHY, ETC. NOTE
Bibliography, etc Includes bibliographies
650 #0 - SUBJECT ADDED ENTRY--TOPICAL TERM
Topical term or geographic name as entry element Concrete-Engineering
942 ## - ADDED ENTRY ELEMENTS (KOHA)
Koha item type General Book
Holdings
Koha item type Lost status Price effective from Date acquired Location (home branch) Koha full call number Koha issues (times borrowed) Koha renewals Damaged status Sublocation or collection (holding branch) Shelving location Koha date last seen Not for loan Source of classification or shelving scheme Koha normalized classification for sorting Copy number Koha date last borrowed Withdrawn status Piece designation (barcode)
General Book 2014-11-012014-11-01Central Library, BUET620.136/ILL/19941  Central Library, BUETCirculation section2021-06-30  620_136000000000000_ILL_199412015-03-04 92490
General Book 2014-11-012014-11-01Central Library, BUET620.136/ILL/1994   Central Library, BUETCirculation section2014-11-01  620_136000000000000_ILL_19942  92503
General Book 2014-11-012014-11-01Central Library, BUET620.136/ILL/19941  Central Library, BUETCirculation section2021-08-28  620_136000000000000_ILL_199432021-08-28 92499
General Book 2014-11-012014-11-01Central Library, BUET620.136/ILL/1994 2 Central Library, BUETCirculation section2016-03-12  620_136000000000000_ILL_19944  92494
General Book 2014-11-012014-11-01Central Library, BUET620.136/ILL/1994   Central Library, BUETCirculation section2014-11-01  620_136000000000000_ILL_19945  92501
General Book 2014-11-012014-11-01Central Library, BUET620.136/ILL/19941  Central Library, BUETCirculation section2024-09-14  620_136000000000000_ILL_199462024-09-07 92486
Reading Item 2015-06-142015-06-14Central Library, BUET620.136/ILL/1994   Central Library, BUETReading section2015-06-14  620_136000000000000_ILL_19947  92484